00417nam a2200169Ia 4500003000400000005001700004008004100021020001500062040000700077041000800084082001600092100002000108245005400128260004000182300001700222365000800239OSt20230506105912.0210423s2007 xx 000 0 und d a8130902400 cAL aeng a574.88 PANJ aPANNO (Joseph). aCancer: the role of genes lifestyle environment.. aNew DelhibViva Books Pvt Ltdc2007 axiii,162bHB cINR